[Event "Mecklenburg VP Verbandsliga 2223"]
[Site "Mecklenburg VP"]
[Date "2022.11.27"]
[Round "3.3"]
[White "Schmidt, Paul1111"]
[Black "Schamber, Dennis"]
[Result "0-1"]
[WhiteElo "1844"]
[BlackElo "1714"]
[PlyCount "56"]
[EventDate "2022.10.23"]
[EventType "team-tourn"]
[EventRounds "9"]
[EventCountry "GER"]
[SourceTitle "EXT 2024"]
[Source "ChessBase"]
[SourceDate "2023.10.10"]
[SourceVersion "1"]
[SourceVersionDate "2023.10.10"]
[SourceQuality "1"]
[WhiteTeam "Torgelow Droegeheide II"]
[BlackTeam "Makkabi Rostock"]
[WhiteTeamCountry "GER"]
[BlackTeamCountry "GER"]

1. e4 c5 2. Nf3 d6 3. d4 cxd4 4. Nxd4 Nf6 5. Nc3 a6 6. Bg5 e6 7. f4 h6 8. Bh4 Be7 9. Qf3 Qc7 10. Bxf6 Bxf6 11. 0-0-0 Nc6 12. Nb3 b5 13. Bxb5 axb5 14. Nxb5 Qb6 15. Nxd6+ Kf8 16. e5 Be7 17. a3 Bxd6 18. Rxd6 Bb7 19. Rhd1 g6 20. Qc3 Kg7 21. Nc5 Rhc8 22. Nxb7 Qxb7 23. Rd7 Qb5 24. Qd3 Qa4 25. g3 Na5 26. Kb1 Nc4 27. Rb7 Qc6 28. Qd7 Nxa3+ 0-1

[Event "Mecklenburg VP LL2 Ost 1819"]
[Site "Mecklenburg VP"]
[Date "2018.10.21"]
[Round "1.1"]
[White "Schamber, Dennis"]
[Black "Reinke, Thomas"]
[Result "1-0"]
[WhiteElo "1770"]
[BlackElo "1933"]
[PlyCount "63"]
[EventDate "2018.10.21"]
[EventType "team-tourn"]
[EventRounds "9"]
[EventCountry "GER"]
[SourceTitle "EXT 2022"]
[Source "ChessBase"]
[SourceDate "2021.10.06"]
[SourceVersion "1"]
[SourceVersionDate "2021.10.06"]
[SourceQuality "1"]
[WhiteTeam "Rostock Makkabi"]
[BlackTeam "Wolgast Motor"]
[WhiteTeamCountry "GER"]
[BlackTeamCountry "GER"]

1. d4 f5 2. Nf3 Nf6 3. c4 g6 4. Nc3 Bg7 5. Bg5 0-0 6. e3 d6 7. Bd3 c6 8. Qc2 Na6 9. a3 Nc7 10. 0-0-0 Qe8 11. d5 a6 12. e4 fxe4 13. Nxe4 Nxe4 14. Bxe4 c5 15. Rhe1 Bf6 16. Bh6 Bg7 17. Bg5 b5 18. Rd2 Bg4 19. Nh4 Bf6 20. Bxf6 Rxf6 21. h3 Bd7 22. Rde2 Qf7 23. Bxg6 Rxg6 24. Nxg6 hxg6 25. Rxe7 Qf4+ 26. R1e3 Bf5 27. Qc3 Ne8 28. g4 Bxg4 29. hxg4 Nf6 30. cxb5 axb5 31. Kb1 Nxd5 32. Qg7# 1-0

[Event "Mecklenburg VP-ch Youth"]
[Site "Malchow"]
[Date "2017.02.16"]
[Round "7.4"]
[White "Schamber, Dennis"]
[Black "Schulz, Daniel"]
[Result "1/2-1/2"]
[WhiteElo "1714"]
[BlackElo "1819"]
[PlyCount "61"]
[EventDate "2017.02.08"]
[EventType "swiss"]
[EventRounds "7"]
[EventCountry "GER"]
[SourceTitle "EXT 2022"]
[Source "ChessBase"]
[SourceDate "2021.10.06"]
[SourceVersion "1"]
[SourceVersionDate "2021.10.06"]
[SourceQuality "1"]

1. d4 Nf6 2. c4 e6 3. Nc3 Bb4 4. e3 c5 5. a3 Ba5 6. Bd2 Bxc3 7. Bxc3 Ne4 8. Qc2 Nxc3 9. Qxc3 Qf6 10. Nf3 0-0 11. Bd3 b6 12. Be4 Nc6 13. Ne5 Qh4 14. Bxc6 dxc6 15. dxc5 Qg5 16. 0-0 f6 17. Nd3 bxc5 18. Qa5 e5 19. Kh1 e4 20. Nxc5 f5 21. Nxe4 Qh4 22. Nd6 Be6 23. Rac1 Rf6 24. Qe5 Raf8 25. Qf4 Qh5 26. Qf3 Qg5 27. Qxc6 Rh6 28. Qf3 f4 29. exf4 Rxf4 30. Qe3 Rfh4 31. h3 1/2-1/2

[Event "GER-chT Lands U20"]
[Site "Hannover"]
[Date "2015.10.04"]
[Round "2.4"]
[White "Weishaeutel, Moritz"]
[Black "Schamber, Dennis"]
[Result "1-0"]
[WhiteElo "1960"]
[BlackElo "1793"]
[PlyCount "41"]
[EventDate "2015.10.03"]
[EventType "team-swiss"]
[EventRounds "7"]
[EventCountry "GER"]
[SourceTitle "EXT 2017"]
[Source "ChessBase"]
[SourceDate "2016.10.25"]
[SourceVersion "1"]
[SourceVersionDate "2016.10.25"]
[SourceQuality "1"]
[WhiteTeam "Thueringen (U20)"]
[BlackTeam "Mecklenburg Vorpommern (U20)"]
[WhiteTeamCountry "GER"]
[BlackTeamCountry "GER"]

1. e4 c5 2. Nf3 d6 3. d4 cxd4 4. Nxd4 Nf6 5. Nc3 e6 6. Bc4 a6 7. 0-0 b5 8. Bb3 b4 9. Na4 Nxe4 10. Re1 Nf6 11. Qf3 d5 12. Bf4 Bb7 13. Rxe6+ fxe6 14. Nxe6 Qc8 15. Nc7+ Kf7 16. Nb6 Qd8 17. Ncxa8 Bxa8 18. Nxa8 Bd6 19. Bxd5+ Ke8 20. Re1+ Be7 21. Nc7+ 1-0

[Event "Mecklenburg VP-ch U14"]
[Site "Malchow"]
[Date "2015.02.04"]
[Round "7.4"]
[White "Goeths, Carl"]
[Black "Schamber, Dennis"]
[Result "0-1"]
[WhiteElo "1237"]
[BlackElo "1605"]
[PlyCount "42"]
[EventDate "2015.01.31"]
[EventType "swiss"]
[EventRounds "7"]
[EventCountry "GER"]
[SourceTitle "EXT 2022"]
[Source "ChessBase"]
[SourceDate "2021.10.06"]
[SourceVersion "1"]
[SourceVersionDate "2021.10.06"]
[SourceQuality "1"]

1. e4 c5 2. Nf3 d6 3. d4 cxd4 4. Nxd4 Nf6 5. Nc3 e6 6. Bd3 Nc6 7. Nf3 Be7 8. h3 0-0 9. Bg5 a6 10. 0-0 b5 11. a3 Bb7 12. Re1 Nd7 13. Qd2 Nce5 14. Bxe7 Qxe7 15. Kh2 Nxf3+ 16. gxf3 Ne5 17. Qe3 Qc7 18. Rg1 d5 19. f4 d4 20. Qxd4 Nf3+ 21. Kh1 Nxd4 0-1

[Event "Mecklenburg VP-ch U14"]
[Site "Malchow"]
[Date "2015.02.02"]
[Round "4.3"]
[White "Schamber, Dennis"]
[Black "Schulte, Felix"]
[Result "0-1"]
[WhiteElo "1605"]
[BlackElo "1124"]
[PlyCount "102"]
[EventDate "2015.01.31"]
[EventType "swiss"]
[EventRounds "7"]
[EventCountry "GER"]
[SourceTitle "EXT 2022"]
[Source "ChessBase"]
[SourceDate "2021.10.06"]
[SourceVersion "1"]
[SourceVersionDate "2021.10.06"]
[SourceQuality "1"]

1. d4 d5 2. e3 Nf6 3. Bd3 e6 4. f4 Bd7 5. Nf3 Bd6 6. 0-0 0-0 7. Ne5 Re8 8. Nd2 c5 9. c3 c4 10. Bc2 Qc7 11. Ndf3 b5 12. Qe1 Ne4 13. Bxe4 dxe4 14. Ng5 f5 15. Qh4 h6 16. Ngf7 Bc6 17. Qg3 Rf8 18. Nxd6 Qxd6 19. b3 Bd5 20. bxc4 Bxc4 21. Nxc4 bxc4 22. a4 Nc6 23. Ba3 Qd7 24. Bxf8 Rxf8 25. a5 Qc7 26. Qg6 Qd7 27. Rfb1 Rf6 28. Qh5 Qd8 29. Rb5 Kh7 30. a6 Rg6 31. Qe2 Qh4 32. Qf2 Qg4 33. Rc5 Ne7 34. Rxc4 Nd5 35. g3 h5 36. Re1 h4 37. Kg2 hxg3 38. hxg3 Rh6 39. Kg1 Rh3 40. Kg2 Rh6 41. Qf1 Qh3+ 42. Kf2 Qg4 43. Qg2 g5 44. Rh1 gxf4 45. Rxh6+ Kxh6 46. gxf4 Qxg2+ 47. Kxg2 Nxe3+ 48. Kf2 Nxc4 49. Ke2 Kg6 50. Kf2 Kf7 51. Ke2 Ke7 0-1

[Event "Rostock SSC op 13th"]
[Site "Rostock"]
[Date "2014.07.26"]
[Round "6"]
[White "Schamber, Dennis"]
[Black "Vladov, Mark"]
[Result "0-1"]
[WhiteElo "1535"]
[BlackElo "1800"]
[PlyCount "70"]
[EventDate "2014.07.23"]
[EventType "swiss"]
[EventRounds "7"]
[EventCountry "GER"]
[SourceTitle "EXT 2018"]
[Source "ChessBase"]
[SourceDate "2017.10.13"]
[SourceVersion "1"]
[SourceVersionDate "2017.10.13"]
[SourceQuality "1"]

1. d4 Nf6 2. c4 g6 3. Nc3 Bg7 4. e4 0-0 5. e5 Ne8 6. Be3 d6 7. f4 c5 8. dxc5 Qa5 9. Nf3 dxe5 10. Nxe5 Nf6 11. Bd3 Rd8 12. Qc2 Ng4 13. Nxg4 Bxg4 14. 0-0 Nc6 15. Nd5 e6 16. Nc3 Nb4 17. Qb3 Rxd3 18. a3 Rxe3 19. axb4 Qd8 20. Rfe1 Qd2 21. Rxe3 Qxe3+ 22. Kh1 Rd8 23. Qa4 a6 24. c6 Qb6 25. cxb7 Qxb7 26. c5 Bf3 27. Qc2 Bc6 28. h3 Rd4 29. b5 axb5 30. Rd1 Qd7 31. b4 Bh6 32. Rxd4 Qxd4 33. Nxb5 Qa1+ 34. Kh2 Bxf4+ 35. g3 Qh1# 0-1

[Event "Rostock SSC op 13th"]
[Site "Rostock"]
[Date "2014.07.24"]
[Round "3"]
[White "Fleischer, Matthias"]
[Black "Schamber, Dennis"]
[Result "0-1"]
[WhiteElo "1924"]
[BlackElo "1535"]
[PlyCount "100"]
[EventDate "2014.07.23"]
[EventType "swiss"]
[EventRounds "7"]
[EventCountry "GER"]
[SourceTitle "EXT 2018"]
[Source "ChessBase"]
[SourceDate "2017.10.13"]
[SourceVersion "1"]
[SourceVersionDate "2017.10.13"]
[SourceQuality "1"]

1. d4 Nf6 2. Nf3 g6 3. c4 Bg7 4. Nc3 d6 5. e4 0-0 6. Bg5 Nbd7 7. Bd3 e5 8. d5 Nc5 9. Bc2 a5 10. Qd2 Bg4 11. h3 Bxf3 12. gxf3 Qc8 13. Bh6 Nh5 14. Ne2 Re8 15. 0-0-0 Qd7 16. Kb1 b5 17. Bxg7 Kxg7 18. Rhg1 bxc4 19. Qg5 Rab8 20. Ka1 Qb5 21. Rb1 a4 22. a3 Nb3+ 23. Ka2 Nd4 24. Bd1 Qb3+ 25. Ka1 Nc2+ 26. Bxc2 Qxc2 27. Qe3 Rb3 28. Nc3 Rb7 29. Rgc1 Qb3 30. Ne2 Rc8 31. Rc3 Qb5 32. Qc1 Rcb8 33. Rxc4 Qa6 34. Qc2 Rb3 35. Rc6 R8b6 36. Rxc7 Rxf3 37. Ng3 Nxg3 38. fxg3 Rfb3 39. Qf2 Rxa3+ 40. bxa3 Rxb1+ 41. Kxb1 Qd3+ 42. Kc1 Qxa3+ 43. Kd2 Qb2+ 44. Rc2 Qb4+ 45. Kc1 Qxe4 46. Rc7 Qxd5 47. g4 Qh1+ 48. Kb2 Qd5 49. g5 a3+ 50. Kc2 Qa2+ 0-1